| 000 | 01357nam0a22003251 4500 | ||
|---|---|---|---|
| 001 | rc\2645047 | ||
| 005 | 20110608110347.9 | ||
| 035 | _a(NLR Aleph) 006952781 | ||
| 090 |
_a5264375 _c5264375 |
||
| 100 | _a20110608d1930 |||y0rusy50 ca | ||
| 101 | 0 | _arus | |
| 102 | _aRU | ||
| 105 | _aa z ||||| | ||
| 200 | 1 |
_aНепрерывка на транспорте _fинж. И.П. Даукст и Л.Э. Павчинская |
|
| 210 |
_aМосква _cГосиздат РСФСР "Московский рабочий" _d1930 _g7-я тип. "Искра революции" Мосполиграфа |
||
| 215 |
_a75, [2] с., [2] с. объявл. _cграф. _d21х15 см |
||
| 225 | 1 |
_aНепрерывное производство _fПод ред. Л.М. Сабсовича и Ю.А. Шауэра |
|
| 300 | _aВ составлении ... принимали участие инж. В. Батицкий, А. Петров и Г. Шахунянц | ||
| 700 | 1 |
_aДаукст _bИ. П. |
|
| 701 | 1 |
_aПавчинская _bЛ. Э. |
|
| 702 | 1 |
_aСабсович _bЛ. М. _4340 |
|
| 702 | 1 |
_aШауэр _bЮ. А. _4340 |
|
| 702 | 1 |
_aБатицкий _bВ. _4570 |
|
| 702 | 1 |
_aПетров _bА. _4570 |
|
| 702 | 1 |
_aШахунянц _bГ. _4570 |
|
| 801 | 0 |
_aRU _bNLR _gpsbo |
|
| 801 | 1 |
_aRU _bELAR _2rusmarc |
|
| 852 |
_aNLR _j30.10/865 |
||
| 942 | _cBOOK | ||
| 980 | _aNB | ||